000
00355nam a2200133Ia 4500
003
GCL
008
140319s9999 xx 000 0 ara d
040
_a
GCL /
_c
GCL
082
0
4
_a
811.01
_b
خ ق
245
1
0
_a
قلبى انا ( شعر )
260
_a
[S.N] :
_b
الهيئة المصرية العامة للكتاب ،
_c
1992
300
_a
119 ص
490
_a
999
_c
29787
_d
29787